La adopción (Record no. 118799)

MARC details
000 -LEADER
fixed length control field 00767nam a22001937a 4500
005 - DATE AND TIME OF LATEST TRANSACTION
control field 20250704092351.0
008 - FIXED-LENGTH DATA ELEMENTS--GENERAL INFORMATION
fixed length control field 160803b1943 ag ||||| |||| 001 0dspa d
050 04 - LIBRARY OF CONGRESS CALL NUMBER
Classification number KHA521
Item number S27 1943
100 1# - MAIN ENTRY--PERSONAL NAME
Personal name Saravia, Guillermo Alberto
245 13 - TITLE STATEMENT
Title La adopción
Remainder of title : estudio de doctrina y de legislación comparadas y del proyecto de reforma del código civil Argentino. Bases para una legislación Argentina de la adopción
Statement of responsibility, etc / Guillermo Alberto Saravia.
250 ## - EDITION STATEMENT
Edition statement 1a ed.
260 ## - PUBLICATION, DISTRIBUTION, ETC. (IMPRINT)
Place of publication, distribution, etc Buenos Aires :
Name of publisher, distributor, etc Depalma,
Date of publication, distribution, etc 1943
300 ## - PHYSICAL DESCRIPTION
Extent 312 p. ;
Dimensions 24 cm.
490 0# - SERIES STATEMENT
Series statement (Biblioteca Jurídica : Sección derecho civil)
504 ## - BIBLIOGRAPHY, ETC. NOTE
Bibliography, etc Bibliografía : p. 299-306
504 ## - BIBLIOGRAPHY, ETC. NOTE
Bibliography, etc Incluye índice
650 #7 - SUBJECT ADDED ENTRY--TOPICAL TERM
Source of heading or term lemb
Topical term or geographic name as entry element Adopción
General subdivision Legislación
Geographic subdivision Argentina
942 ## - ADDED ENTRY ELEMENTS (KOHA)
Source of classification or shelving scheme Biblioteca del Cogreso de los Estados Unidos
Koha item type Libro
Holdings
Estado de pérdida Fuente de clasificación Estado del daño No para préstamo Ubicación permanente Ubicación actual Apartado o colección Fecha de adquisición Edición Enumeración de Serie / Cronológica Área del conocimiento Clasificación Código de Barras Date last seen Número de copia Costo por reposición Tipo de recurso
  Biblioteca del Cogreso de los Estados Unidos     Biblioteca de la Facultad de Derecho y Ciencias Sociales "Felipe J. Tena" Biblioteca de la Facultad de Derecho y Ciencias Sociales "Felipe J. Tena" General 03/08/2016 1a ed. BFD000007872 Ciencias Sociales y Administrativas KHA521 S27 1943 BFD000007872 03/08/2016 1 1.00 Libro